ՀՀ Գիտությունների ազգային ակադեմիայի հիմնարար գիտական գրադարան  =   Fundamental Scientific Library of NAS RA

Գրողի և կերպարի անհատականությունը : (Record no. 526569)

MARC details
000 -LEADER
fixed length control field 01052nam a2200253 a 4500
001 - CONTROL NUMBER
control field 1793239
003 - CONTROL NUMBER IDENTIFIER
control field AM-YEHGA
005 - DATE AND TIME OF LATEST TRANSACTION
control field 20250618080107.0
008 - FIXED-LENGTH DATA ELEMENTS--GENERAL INFORMATION
fixed length control field 211001s2021 ai ||||gr|||||||||0|arm|d
020 ## - INTERNATIONAL STANDARD BOOK NUMBER
International Standard Book Number 9785808425132
040 ## - CATALOGING SOURCE
Original cataloging agency AM-YeHGA
041 0# - LANGUAGE CODE
Language code of text/sound track or separate title arm
090 ## - LOCALLY ASSIGNED LC-TYPE CALL NUMBER (OCLC); LOCAL CALL NUMBER (RLIN)
-- 564176
100 1# - MAIN ENTRY--PERSONAL NAME
Personal name Սաֆարյան, Վազգեն Հմայակի,
Dates associated with a name 1947-
9 (RLIN) 3914
245 10 - TITLE STATEMENT
Title Գրողի և կերպարի անհատականությունը :
Remainder of title Մուրացան. Նար-Դոս /
Statement of responsibility, etc. Վ.Հ. Սաֆարյան ; Երևանի պետական համալսարան.
260 ## - PUBLICATION, DISTRIBUTION, ETC.
Place of publication, distribution, etc. Երևան :
Name of publisher, distributor, etc. ԵՊՀ հրատ.,
Date of publication, distribution, etc. 2021.
300 ## - PHYSICAL DESCRIPTION
Extent 329 էջ ;
Dimensions 21 սմ.
504 ## - BIBLIOGRAPHY, ETC. NOTE
Bibliography, etc. note Գրականություն՝ էջ 328-329: Տողատակում՝ մատենագիտական ծանոթագրություններ:
600 14 - SUBJECT ADDED ENTRY--PERSONAL NAME
Personal name Մուրացան,
Dates associated with a name 1854-1908
9 (RLIN) 1699
600 14 - SUBJECT ADDED ENTRY--PERSONAL NAME
Personal name Նար-Դոս,
Dates associated with a name 1867-1933
9 (RLIN) 1453
650 14 - SUBJECT ADDED ENTRY--TOPICAL TERM
Topical term or geographic name entry element Հայ գրականության պատմություն
9 (RLIN) 4711
710 2# - ADDED ENTRY--CORPORATE NAME
Corporate name or jurisdiction name as entry element Երևանի պետական համալսարան
942 ## - ADDED ENTRY ELEMENTS (KOHA)
Source of classification or shelving scheme Universal Decimal Classification
Koha item type Գրքեր / Books
Holdings
Withdrawn status Lost status Source of classification or shelving scheme Damaged status Not for loan Collection Home library Current library Date acquired Total checkouts Full call number Barcode Date last seen Price effective from Koha item type Public note
    Universal Decimal Classification     General Fundamental Scientific Library Fundamental Scientific Library 05/12/2022   AII/109052 FL0677688 05/12/2022 05/12/2022 Գրքեր / Books 30 Days Loan


ՀՀ ԳԱԱ հիմնարար գիտական գրադարան
ՀՀ,Երևան 0019
Մարշալ Բաղրամյան 24/6
հեռախոս:(374-10) 52-47-50
Հետադարձ կապ

All site content, except where otherwise noted, is licensed under a
Creative Commons License